000 00652nam a2200217Ii 4500
003 JO-AjNU
008 230606s9999||||xx |||||||||||||| ||und||
020 _a978-1-4408-5734-8
040 _aJO-AjNU
_beng
_erda
_cJO-AjNU
041 _aeng
050 1 4 _aHV6773.M372 2020
100 3 _aMarion, Nancy E., Jason Twede,
_eauthor
_96547
245 0 0 _aCybercrime: An Encyclopedia of Digital Crime
250 _a1ed
264 3 1 _aSanta Barbara, California: ABC-CLIO, 2020
300 _a485p
336 _atext
_btxt
_2rdacontent
337 _aunmediated
_bn
_2rdamedia
338 _avolume
_bnc
_2rdacarrier
650 4 _aComputer Crimes-Prevention
_96548
999 _aE3398
_c3394
_d3394